Sports Quiz

Random Sports or Country Quiz

FIFA World Cup Host Countries Quiz Stats

Quiz Updated Jun 6, 2014

Challenge
Share
Tweet
Score 0/15 Timer 04:00
0 Plays Today
% Correct
Brazil
98%
United States
96.9%
Germany and West Germany
95.9%
England
95.5%
France
95.3%
Spain
94.5%
Italy
94%
Argentina
92%
% Correct
South Africa
91.6%
Mexico
91.3%
South Korea and Japan
90.7%
Uruguay
77.8%
Chile
74.5%
Sweden
72.9%
Switzerland
55.1%

You're not logged in!

Compare scores with friends on all Sporcle quizzes.
Sign Up with Email
OR
Log In

You Might Also Like...

Show Comments

Extras

Top Quizzes Today


Score Distribution

Your Account Isn't Verified!

In order to create a playlist on Sporcle, you need to verify the email address you used during registration. Go to your Sporcle Settings to finish the process.